Vybrané kapitoly z marketingu /

Hlavní autor: Sklenčár, Peter, 1962-
Další autoři: Lajčin, Daniel
Jazyk: Slovenština
Vydáno: Týn nad Vltavou : Nová Forma, 2019
Vydání: Vydanie: prvé
Témata:
Fyzický popis: 164 stran : ilustrace ; 21 cm
Language note: Slovenský text
Knihy
Uloženo v:
LEADER 01446nam a2200421 i 4500
001 nkc20203170071
003 CZ PrNK
005 20200525145533.0
007 ta
008 200108s2019 xr a e p 000 0 slo
015 |a cnb003170071 
020 |a 978-80-7612-146-1  |q (brožováno) 
035 |a (OCoLC)1200247235 
040 |a BOA001  |b cze  |d ABA001  |e rda 
072 7 |a 658  |x Řízení a správa podniku  |2 Konspekt  |9 4 
072 7 |a 37.016  |x Učební osnovy. Vyučovací předměty. Učebnice  |2 Konspekt  |9 22 
080 |a 658.8  |2 MRF 
080 |a (075.8)  |2 MRF 
100 1 |a Sklenčár, Peter,  |d 1962-  |7 mzk2015860826  |4 aut 
245 1 0 |a Vybrané kapitoly z marketingu /  |c Peter Sklenčár, Daniel Lajčin 
250 |a Vydanie: prvé 
264 1 |a Týn nad Vltavou :  |b Nová Forma,  |c 2019 
300 |a 164 stran :  |b ilustrace ;  |c 21 cm 
336 |a text  |b txt  |2 rdacontent 
337 |a bez média  |b n  |2 rdamedia 
338 |a svazek  |b nc  |2 rdacarrier 
504 |a Obsahuje bibliografii 
546 |a Slovenský text 
650 0 7 |a marketing  |7 ph115227  |2 czenas 
650 0 9 |a marketing  |2 eczenas 
655 7 |a učebnice vysokých škol  |7 fd133772  |2 czenas 
655 9 |a textbooks (higher)  |2 eczenas 
700 1 |a Lajčin, Daniel  |7 hka2012735676  |4 aut 
910 2 |a BOA001  |b 2-1444.523 
990 |a BK 
995 |a 01 
991 |b 202004  |c NOV 
996 6 |b 2610817506  |c 2-1444.523  |l MZK  |r Sklad / do 1 hodiny  |n 6  |p p.v.  |w 001786428  |u 000010  |a 1  |e BOA001  |j MZK50  |s P